|
|
|
|
| LEADER |
02418nam a22005295i 4500 |
| 001 |
978-3-642-45263-5 |
| 003 |
DE-He213 |
| 005 |
20151030111533.0 |
| 007 |
cr nn 008mamaa |
| 008 |
131121s2013 gw | s |||| 0|eng d |
| 020 |
|
|
|a 9783642452635
|9 978-3-642-45263-5
|
| 024 |
7 |
|
|a 10.1007/978-3-642-45263-5
|2 doi
|
| 040 |
|
|
|d GrThAP
|
| 050 |
|
4 |
|a QA75.5-76.95
|
| 072 |
|
7 |
|a UNH
|2 bicssc
|
| 072 |
|
7 |
|a UND
|2 bicssc
|
| 072 |
|
7 |
|a COM030000
|2 bisacsh
|
| 082 |
0 |
4 |
|a 025.04
|2 23
|
| 245 |
1 |
0 |
|a Resource Discovery
|h [electronic resource] :
|b 5th International Workshop, RED 2012, Co-located with the 9th Extended Semantic Web Conference, ESWC 2012, Heraklion, Greece, May 27, 2012, Revised Selected Papers /
|c edited by Zoé Lacroix, Edna Ruckhaus, Maria-Esther Vidal.
|
| 264 |
|
1 |
|a Berlin, Heidelberg :
|b Springer Berlin Heidelberg :
|b Imprint: Springer,
|c 2013.
|
| 300 |
|
|
|a X, 181 p. 48 illus.
|b online resource.
|
| 336 |
|
|
|a text
|b txt
|2 rdacontent
|
| 337 |
|
|
|a computer
|b c
|2 rdamedia
|
| 338 |
|
|
|a online resource
|b cr
|2 rdacarrier
|
| 347 |
|
|
|a text file
|b PDF
|2 rda
|
| 490 |
1 |
|
|a Lecture Notes in Computer Science,
|x 0302-9743 ;
|v 8194
|
| 520 |
|
|
|a This book constitutes the thoroughly refereed conference proceedings of the 5th International Workshop on Resource Discovery, RED 2010, co-located with the 9th Extended Semantic Web Conference, held in Heraklion, Greece, in May 2012. The 7 revised full papers presented were carefully reviewed and selected from 9 submissions. They deal with various issues related to resource discovery.
|
| 650 |
|
0 |
|a Computer science.
|
| 650 |
|
0 |
|a Software engineering.
|
| 650 |
|
0 |
|a Database management.
|
| 650 |
|
0 |
|a Information storage and retrieval.
|
| 650 |
1 |
4 |
|a Computer Science.
|
| 650 |
2 |
4 |
|a Information Storage and Retrieval.
|
| 650 |
2 |
4 |
|a Software Engineering.
|
| 650 |
2 |
4 |
|a Information Systems Applications (incl. Internet).
|
| 650 |
2 |
4 |
|a Database Management.
|
| 700 |
1 |
|
|a Lacroix, Zoé.
|e editor.
|
| 700 |
1 |
|
|a Ruckhaus, Edna.
|e editor.
|
| 700 |
1 |
|
|a Vidal, Maria-Esther.
|e editor.
|
| 710 |
2 |
|
|a SpringerLink (Online service)
|
| 773 |
0 |
|
|t Springer eBooks
|
| 776 |
0 |
8 |
|i Printed edition:
|z 9783642452628
|
| 830 |
|
0 |
|a Lecture Notes in Computer Science,
|x 0302-9743 ;
|v 8194
|
| 856 |
4 |
0 |
|u http://dx.doi.org/10.1007/978-3-642-45263-5
|z Full Text via HEAL-Link
|
| 912 |
|
|
|a ZDB-2-SCS
|
| 912 |
|
|
|a ZDB-2-LNC
|
| 950 |
|
|
|a Computer Science (Springer-11645)
|